000 00494 a2200181 4500
003 OSt
005 20180116182639.0
008 160818b xxu||||| |||| 00| 0 eng d
020 _a8172242581
040 _c0
082 _a658.56202 LOC1994
100 _aDennis Lock
245 _aHandbook of Quality Managment
_cDennis Lock
260 _aNew Delhi
_bJaico Publishing House
_c1994
300 _a632 p.
_bHB
440 _aHandbook of Quality Managment
942 _aNBS
_cBK
_k658.56202 LOC
_2ddc
999 _c343340
_d343340